00517nam a2200193 a 4500001001300000003000900013005001700022008004100039020001300080082001300093100001500106245007600121260003200197300000800229500003500237505001000272650002600282700001500308nice12345678IN_TiNIC20260116012557.0050524s1982 enga grp 000 0 eng  ac197.6500a231bHAY aHay, David aExploring Inner Spaceb Is God Still Possible in the Twentieth Century. aEnglandbPenguin Bookc1982 a256 aincludes index and biblioraphy2 aIndex aGod-Biblical Teaching1 aHay, David